Hal Fischer : the gay seventies.

שמור ב:
מידע ביבליוגרפי
מחבר ראשי: Fischer, Hal
פורמט: ספר
שפה:אנגלית
יצא לאור: [San Francisco, California] : Gallery 16, 2019
תגים: הוספת תג
אין תגיות, היה/י הראשונ/ה לתייג את הרשומה!

MARC

LEADER 00000nam a22000007i 4500
001 IT\ICCU\UBO\4858946
003 ItRI
005 20260115232008.0
008 250211s2019 xxu|||||| ||||| |||||c
020 |a 9780982767177 
040 |b ita  |c importazione bologna sebina 
041 7 |a eng  |2 ISO-639-2 
100 1 |a Fischer, Hal  |0 IT\ICCU\TO0V\594762 
240 1 4 |a Hal Fischer : the gay seventies  |3 IT\ICCU\UBO\4858947  |9 Fischer, Hal 
245 1 0 |a Hal Fischer :  |b the gay seventies. 
260 |a [San Francisco, California] :  |b Gallery 16,  |c 2019 
300 |a 109 p. :  |b in gran parte ill. ;  |c 31 cm 
942 |2 ddc  |c BK  |n 0 
952 |0 0  |1 0  |4 0  |6 DOC_770_973000000000000_FIS  |7 0  |9 18613  |a BO  |b BO  |d 2026-01-15  |i 20115  |l 0  |o DOC 770.973 FIS  |p BO20115  |r 2026-01-15 23:20:08  |w 2026-01-15  |x [Sebina 7] [1 v.]  |y BK  |z 1 v. 
999 |c 15777  |d 15777